| 000 | 00455nam a2200145 i 4500 | ||
|---|---|---|---|
| 001 | 37862 | ||
| 003 | ES-MaACL | ||
| 007 | t| | ||
| 008 | 030224s1946 ag ||||1| spa d | ||
| 100 | 1 |
_aBurgin, Juan Eduardo. _932638 |
|
| 245 | 1 | 0 |
_aManual práctico de avicultura / _cJuan Eduardo Burgin. |
| 260 |
_aBuenos Aires : _bEl Ateneo, _c[1946] ( _fAvellaneda Bartolomé U. Chiesino) |
||
| 300 |
_a233 p. : _bil. ; _c20 cm. |
||
| 852 |
_aES-MaACL _jB-7835 _bR.26761 |
||
| 999 |
_c37862 _d37862 |
||